| 000 | 00403cam a2200169ua 4500 | ||
|---|---|---|---|
| 001 | 7196 | ||
| 008 | 060101n1995 II |||gr||||Z||||||eng | ||
| 040 | _aMAIN | ||
| 041 | _aEnglish | ||
| 082 | _a327.1 HOL | ||
| 100 | _aHOLSTI, K. J. | ||
| 245 | _aINTERNATIONAL POLITICS | ||
| 260 |
_aNEW DELHI _bPRENTICE HALL OF INDIA _c1995 |
||
| 300 |
_a399: _c22CM. |
||
| 653 | _aINTERNATIONAL POLITICS | ||
| 942 | _cBK | ||
| 999 |
_c7181 _d7181 |
||